Stadiums #2 - Statistics

General Stats
  • This quiz has been taken 86 times
    49 since last reset
  • The average score is 19 of 30
Answer Stats
Stadium Club % Correct
Villa Park Aston Villa
96%
Celtic Park Celtic
96%
St. James' Park Newcastle United
89%
Goodison Park Everton
85%
Craven Cottage Fulham
85%
King Power Stadium Leicester City
85%
Stadio Olimpico Grande Torino Torino
83%
BORUSSIA-PARK Borussia Monchengladbach
78%
Stadio Olimpico Lazio
78%
Stadio Olimpico Roma
78%
Stadio Diego Armando Maradona Napoli
76%
Estádio da Luz Benfica
72%
Ibrox Stadium Glasgow Rangers
72%
Volkswagen Arena VfL Wolfsburg
72%
Molineux Stadium Wolverhampton Wanderers
72%
San Mamés Athletic Bilbao
70%
BayArena Leverkusen
70%
Estadio Mestalla Valencia
70%
Elland Road Stadium Leeds United
67%
Red Bull Arena RB Leipzig
63%
American Express Community Stadium Brighton & Hove Albion
61%
City Ground Nottingham Forest
61%
Stade Louis II Monaco
59%
Estadio de la Cerámica Villarreal
48%
Estádio José Alvalade Sporting Lisbon
46%
Allianz Riviera Nice
41%
Pride Park Stadium Derby County
22%
Gewiss Stadium Atalanta
17%
Roazhon Park Stade Rennais
15%
Raymond Kopa Stadium Angers
11%
No matching quizzes found
Score Distribution
Percent of People with Each Score
Percentile by Number Answered
Your Score History
You have not taken this quiz since the last reset